<?xml version="1.0" encoding="UTF-8"?>
<record
    xmlns:xsi="http://www.w3.org/2001/XMLSchema-instance"
    xsi:schemaLocation="http://www.loc.gov/MARC21/slim http://www.loc.gov/standards/marcxml/schema/MARC21slim.xsd"
    xmlns="http://www.loc.gov/MARC21/slim">

  <leader>02880njm a2200409Ia 4500</leader>
  <controlfield tag="001">27230</controlfield>
  <controlfield tag="003">IT-RoPAU</controlfield>
  <controlfield tag="005">20220918181121.0</controlfield>
  <controlfield tag="008">131025s9999    xx            000 0 und d</controlfield>
  <datafield tag="040" ind1=" " ind2=" ">
    <subfield code="a">IT-RoPAU</subfield>
  </datafield>
  <datafield tag="040" ind1=" " ind2=" ">
    <subfield code="c">IT-RoPAU</subfield>
  </datafield>
  <datafield tag="999" ind1=" " ind2=" ">
    <subfield code="c">99787</subfield>
    <subfield code="d">99787</subfield>
  </datafield>
  <datafield tag="999" ind1=" " ind2=" ">
    <subfield code="b">n.d.</subfield>
  </datafield>
  <datafield tag="100" ind1=" " ind2=" ">
    <subfield code="a">AA.VV.</subfield>
    <subfield code="9">794</subfield>
  </datafield>
  <datafield tag="100" ind1=" " ind2=" ">
    <subfield code="e">Autore musica</subfield>
    <subfield code="9">17449</subfield>
  </datafield>
  <datafield tag="100" ind1=" " ind2=" ">
    <subfield code="g">Codice autore musica SPICS: 12000</subfield>
    <subfield code="9">796</subfield>
  </datafield>
  <datafield tag="245" ind1=" " ind2=" ">
    <subfield code="a">Classic in tv con grande orchestra sinfonica</subfield>
  </datafield>
  <datafield tag="250" ind1=" " ind2=" ">
    <subfield code="a">1a ed.</subfield>
  </datafield>
  <datafield tag="260" ind1=" " ind2=" ">
    <subfield code="a">MI</subfield>
  </datafield>
  <datafield tag="260" ind1=" " ind2=" ">
    <subfield code="b">I.M.I.INTERNATIONAL MUSIC OF ITALY</subfield>
    <subfield code="c">1985 [1a Ed.:1985 - Ed. Lingua Orig.: 1985]</subfield>
  </datafield>
  <datafield tag="300" ind1=" " ind2=" ">
    <subfield code="a">DISCO</subfield>
  </datafield>
  <datafield tag="300" ind1=" " ind2=" ">
    <subfield code="c">40 minuti (Testo:  pag.)</subfield>
  </datafield>
  <datafield tag="500" ind1=" " ind2=" ">
    <subfield code="a">Musica classica negli spot e in sigle televisive</subfield>
  </datafield>
  <datafield tag="505" ind1=" " ind2=" ">
    <subfield code="a">La gazza ladra: sinfonia (5:00) - Concerto n. 21 per pf e orchestra K 467 (2:00) - Concerto n 1 per pf e orchestra, op 23 (4:00) - Marcia funebre per una marionetta (2:00) - Sinfonia n 40 K 550 (2:00) - Una notte sul monte Calvo (3:00) - Sinfonia n 9 "Dal nuovo mondo" (3:00) - Passacaglia dalla suite n.7 in sol minore (2:00) - Guglielmo Tell: sinfonia (4:00) - Piccola serenata notturna K 525 (2:00) - Il lago dei cigni: tema (3:00) - Cavalleria leggera: ouverture (3:00) - Sul bel Danubio blu (2:00) - Sinfonia n. 6 "Pastorale" op 68 (4:00) - Tannhauser: ouverture (3:00) - Preludio dal "Te Deum" (3:00) - </subfield>
  </datafield>
  <datafield tag="650" ind1=" " ind2=" ">
    <subfield code="a">COLONNA SONORA [DISCHI]</subfield>
    <subfield code="e">Codice MATERIA SPICS: 9950</subfield>
    <subfield code="9">17450</subfield>
  </datafield>
  <datafield tag="700" ind1=" " ind2=" ">
    <subfield code="a">Rossini Gioachino</subfield>
    <subfield code="d">Codice autore musica SPICS: 11125</subfield>
    <subfield code="e">Autore musica</subfield>
    <subfield code="p">La gazza ladra: sinfonia - Guglielmo Tell: sinfonia</subfield>
    <subfield code="9">17451</subfield>
  </datafield>
  <datafield tag="700" ind1=" " ind2=" ">
    <subfield code="a">Mozart Wolfgang Amadeus</subfield>
    <subfield code="d">Codice autore musica SPICS: 3486</subfield>
    <subfield code="e">Autore musica</subfield>
    <subfield code="p">Concerto n. 21 per pf e orchestra K 467 - Sinfonia n 40 K 550 - Piccola serenata notturna K 525</subfield>
    <subfield code="9">17452</subfield>
  </datafield>
  <datafield tag="700" ind1=" " ind2=" ">
    <subfield code="a">Cajkovskij Petr Llijch</subfield>
    <subfield code="d">Codice autore musica SPICS: 10808</subfield>
    <subfield code="e">Autore musica</subfield>
    <subfield code="p">Concerto n 1 per pf e orchestra, op 23 - Il lago dei cigni: tema</subfield>
    <subfield code="9">17453</subfield>
  </datafield>
  <datafield tag="700" ind1=" " ind2=" ">
    <subfield code="a">Gounod Charles</subfield>
    <subfield code="d">Codice autore musica SPICS: 10670</subfield>
    <subfield code="e">Autore musica</subfield>
    <subfield code="p">Marcia funebre per una marionetta</subfield>
    <subfield code="9">17454</subfield>
  </datafield>
  <datafield tag="700" ind1=" " ind2=" ">
    <subfield code="a">Musorgskij Modest</subfield>
    <subfield code="d">Codice autore musica SPICS: 3431</subfield>
    <subfield code="e">Autore musica</subfield>
    <subfield code="p">Una notte sul Monte Calvo</subfield>
    <subfield code="9">17455</subfield>
  </datafield>
  <datafield tag="700" ind1=" " ind2=" ">
    <subfield code="a">Dvorak Antonin</subfield>
    <subfield code="d">Codice autore musica SPICS: 10772</subfield>
    <subfield code="e">Autore musica</subfield>
    <subfield code="p">Sinfonia n 9 "Dal nuovo mondo"</subfield>
    <subfield code="9">17456</subfield>
  </datafield>
  <datafield tag="700" ind1=" " ind2=" ">
    <subfield code="a">Handel Georg Friedrich</subfield>
    <subfield code="d">Codice autore musica SPICS: 5619</subfield>
    <subfield code="e">Autore musica</subfield>
    <subfield code="p">Passacaglia dalla suite n.7 in sol minore</subfield>
    <subfield code="9">17457</subfield>
  </datafield>
  <datafield tag="700" ind1=" " ind2=" ">
    <subfield code="a">Supp&#xE9; Franz Von</subfield>
    <subfield code="d">Codice autore musica SPICS: 8215</subfield>
    <subfield code="e">Autore musica</subfield>
    <subfield code="p">Cavalleria leggera: ouverture</subfield>
    <subfield code="9">17458</subfield>
  </datafield>
  <datafield tag="700" ind1=" " ind2=" ">
    <subfield code="a">Strauss Johann Jr.</subfield>
    <subfield code="d">Codice autore musica SPICS: 11164</subfield>
    <subfield code="e">Autore musica</subfield>
    <subfield code="p">Sul bel Danubio blu</subfield>
    <subfield code="9">17459</subfield>
  </datafield>
  <datafield tag="700" ind1=" " ind2=" ">
    <subfield code="a">Wagner Richard</subfield>
    <subfield code="d">Codice autore musica SPICS: 563</subfield>
    <subfield code="e">Autore musica</subfield>
    <subfield code="p">Tannhauser: ouverture</subfield>
    <subfield code="9">17460</subfield>
  </datafield>
  <datafield tag="700" ind1=" " ind2=" ">
    <subfield code="a">Charpentier Marc-Antoine</subfield>
    <subfield code="d">Codice autore musica SPICS: 10663</subfield>
    <subfield code="e">Autore musica</subfield>
    <subfield code="p">Preludio dal "Te Deum"</subfield>
    <subfield code="9">17461</subfield>
  </datafield>
  <datafield tag="942" ind1=" " ind2=" ">
    <subfield code="c">MD</subfield>
    <subfield code="2">ddc</subfield>
  </datafield>
  <datafield tag="952" ind1=" " ind2=" ">
    <subfield code="0">0</subfield>
    <subfield code="1">0</subfield>
    <subfield code="4">0</subfield>
    <subfield code="6">27230_000000000000000</subfield>
    <subfield code="7">1</subfield>
    <subfield code="a">SPICS</subfield>
    <subfield code="b">SPICS</subfield>
    <subfield code="d">2013-10-25</subfield>
    <subfield code="l">0</subfield>
    <subfield code="o">27230</subfield>
    <subfield code="r">2013-10-25 00:00:00</subfield>
    <subfield code="w">2013-10-25</subfield>
    <subfield code="y">MD</subfield>
    <subfield code="z">Progr. Ins.: 6787 / N.Vol.: 1 / Copie: 1 - Copia rara: n.d. / date import: 01.01.2014 - By Epidotti, Trombetti, Vaglietti</subfield>
  </datafield>
</record>
